| 000 | 01376nam2a22002411 4500 | ||
|---|---|---|---|
| 001 | rc\26259 | ||
| 005 | 20250620192713.0 | ||
| 035 | _a(NLR Aleph) 005384031 | ||
| 090 |
_a7130046 _c7130046 |
||
| 100 | _a20021216d1995 |||y0rusy50 ca | ||
| 101 | 0 | _arus | |
| 102 | _aRU | ||
| 105 | _aa ||||||||| | ||
| 200 | 1 | _aПростое сопротивление | |
| 210 |
_d1995 _aБ. м. |
||
| 215 |
_a75 с. _cил. |
||
| 320 | _aБиблиогр.: с. 74 | ||
| 461 | 0 |
_1001rc\26258 _12001#$aСопротивление материалов$eМетод. пособие к лаб. работам$fМ-во путей сообщ. Рос. Федерации. Гос. акад. путей сообщ., Забайкал. ин-т инж. ж.-д. трансп. Каф. "Общенауч. дисциплины"$vЧ. 1 _1700#1$aГончарова$bЛ.В.$gЛюдмила Викторовна _97130039 _aГончарова, Л.В. _cЧита _d1995 _fМ-во путей сообщ. Рос. Федерации. Гос. акад. путей сообщ., Забайкал. ин-т инж. ж.-д. трансп. Каф. "Общенауч. дисциплины" _nДВГАПС _oМетод. пособие к лаб. работам _tСопротивление материалов _vЧ. 1 |
|
| 801 | 0 |
_aRU _bNLR _gpsbo |
|
| 801 | 1 |
_aRU _bELAR _2rusmarc |
|
| 852 |
_aNLR _j95-4/11164 |
||
| 942 | _cBOOK | ||
| 980 | _aNB | ||